LEADER 01073nam a2200253 4500 001 000000345542 003 CaOOAMICUS 005 20210520115228.0 008 210426s1985 it a 000 u ita r 040 $aSeMil$bita 100 1 $aAgrati, Giacomo.$0(OLS)http://semarc/name/113660 245 10$aCerro Maggiore :$bpagine di storia /$cGiacomo Agrati ... [et al.] ; a cura del Comune di Cerro Maggiore. 264 1$a[S.l. :$bs.n.]$e(Legnano :$fArti grafiche L. Landoni ,$gstampa 1985) 300 $a291 p. :$bill. ;$c31 cm 541 0 $aOmaggio mons. Mario Delpini (3P V 519) 650 4$aCerro Maggiore.$0(OLS)http://semarc/subject/6350 710 0 $aCerro Maggiore .$0(OLS)http://semarc/name/113661 850 $aSeMil 852 $aSeMil$W1$xVenegono$y1$m3P V 519$j226348$B236607$CSeMilBibl$Z2$F236607 $81 941 1 $a7 961 $aOmaggio mons. Mario Delpini 996 $6245$aCerro Maggiore :$bpagine di storia$9(OLS)http://semarc/title/434680 996 $6264$a[S.l. :$bs.n.]$9(OLS)http://semarc/publisher/29751 LEADER 01282nam a2200289 i 4500 001 000000106268 003 CaOOAMICUS 005 20131007000000.0 008 131007s2002 it u000 u ita u 013 $a78462 020 $a88-399-0788-2 040 $aSeMil$bita 100 1 $aGeffré, Claude,$c.$0(OLS)http://semarc/name/89103 240 10$aCroire et interpréter : le tournant herméneutique de la théologie.$0(OLS)http://semarc/title/153317 245 10$aCredere e interpretare :$bla svolta ermeneutica della teologia /$cClaude Geffré. 260 $aBrescia :$bQueriniana,$ccopyr. 2002. 300 $a199 p. ;$c20 cm. 490 0 $aGiornale di teologia ;$v288 500 $aContiene : Bibliografia. 650 4$aErmeneutica teologica.$0(OLS)http://semarc/subject/5750 830 0$aGiornale di teologia ;$v288.$0(OLS)http://semarc/title/419620 850 $aSeMil 852 $aSeMil$W1$xVenegono$y1$m2M III 688$j62407$B62407$CSeMilBibl$Z2$F71576 $81 961 $aSottoscrizione: Queriniana 996 $6020$a88-399-0788-2$9(OLS)http://semarc/number/86800 996 $6245$aCredere e interpretare :$bla svolta ermeneutica della teologia$9(OLS)http://semarc/title/154048 996 $6260$aBrescia :$bQueriniana$9(OLS)http://semarc/publisher/29615